[Event "7th Paleochora Open 2014"]
[Site "Paleochora GRE"]
[Date "2014.07.25"]
[Round "6.13"]
[White "Papasimakopoulos, Alexandros"]
[Black "Antic, Dejan"]
[Result "1/2-1/2"]
[BlackTitle "GM"]
[WhiteElo "2262"]
[BlackElo "2479"]
[WhiteFideId "4244125"]
[BlackFideId "901008"]
[EventDate "2014.07.21"]

1. d4 e6 2. c4 Bb4+ 3. Bd2 a5 4. g3 d6 5. Bg2 Nc6 6. a3 Bxd2+ 7. Qxd2 Nge7 8.
Nf3 O-O 9. Nc3 a4 10. O-O Bd7 11. Qd3 e5 12. dxe5 dxe5 13. Rad1 Be6 14. Qe3 Qc8
15. Nxe5 Nf5 16. Qf4 Nxe5 17. Qxe5 Nd6 18. c5 Nc4 19. Qf4 c6 20. Rd4 b5 21. cxb6
Nxb6 22. Nxa4 Nxa4 23. Rxa4 Rb8 24. Rb4 c5 25. Rxb8 Qxb8 26. b4 cxb4 27. Qxb4
Qe5 28. e3 Rb8 29. Qd4 Qa5 30. Qd6 Rb2 31. Rd1 g6 32. Bd5 Bxd5 33. Qxd5 Qxa3 34.
Qe5 Rd2 35. Ra1 Qf8 36. g4 Rd8 37. h4 Qb4 38. e4 Qd4 39. Qxd4 Rxd4 40. Re1 f5
41. f3 fxg4 42. fxg4 Kf7 43. Kf2 Ke6 44. Kf3 Ke5 45. Re3 Rd1 46. Ra3 Rf1+ 47.
Kg2 1/2-1/2

[Event "7th Paleochora Open 2014"]
[Site "Paleochora GRE"]
[Date "2014.07.25"]
[Round "6.14"]
[White "Christiansen, Johan-Sebastian"]
[Black "Prasanna, Raghuram Rao"]
[Result "0-1"]
[BlackTitle "IM"]
[WhiteElo "2252"]
[BlackElo "2455"]
[WhiteFideId "1512668"]
[BlackFideId "5022401"]
[EventDate "2014.07.21"]

1. c4 Nf6 2. g3 e6 3. Bg2 d5 4. Nf3 dxc4 5. Qa4+ c6 6. Qxc4 b5 7. Qb3 Bb7 8. O-O
Nbd7 9. d4 Be7 10. Ne5 Qb6 11. a4 Rc8 12. Bg5 b4 13. Rd1 Nxe5 14. a5 Qb5 15.
dxe5 Qxe5 16. Be3 Qb8 17. Nd2 O-O 18. Nc4 Nd5 19. Bd4 Ba6 20. e4 Nf6 21. Rac1
Rfd8 22. Bf3 Rd7 23. Bxf6 Rxd1+ 24. Qxd1 gxf6 25. Bh5 Kf8 26. Qd2 Bxc4 27. Qh6+
Kg8 28. Rxc4 Qe5 29. f4 Qxb2 30. f5 Qe5 31. Bxf7+ Kxf7 32. Qxh7+ Ke8 33. Qg8+
Kd7 34. fxe6+ Qxe6 35. Rd4+ Bd6 36. Qh7+ Qe7 37. Qf5+ Kc7 38. Kg2 b3 39. a6 Be5
40. Rd3 b2 41. Qf2 c5 42. Qc2 Rb8 43. Rd5 Rb5 44. Qb1 Kb6 45. Rd1 c4 46. Qc2 c3
47. Qf2+ Qc5 48. Qf5 b1=Q 49. Qe6+ Qc6 0-1

[Event "7th Paleochora Open 2014"]
[Site "Paleochora GRE"]
[Date "2014.07.25"]
[Round "6.15"]
[White "Tzouganakis, Panteleimon"]
[Black "Pakleza, Zbigniew"]
[Result "1/2-1/2"]
[BlackTitle "IM"]
[WhiteElo "2185"]
[BlackElo "2487"]
[WhiteFideId "4215826"]
[BlackFideId "1119290"]
[EventDate "2014.07.21"]

1. e4 c6 2. d4 d5 3. e5 Bf5 4. Nf3 e6 5. Be2 Ne7 6. c3 Nd7 7. O-O Bg6 8. Nbd2 c5
9. dxc5 Nxc5 10. Nb3 Nc6 11. Be3 Nd7 12. c4 dxc4 13. Bxc4 Be7 14. Nbd4 Nxd4 15.
Nxd4 a6 16. Bxe6 Nxe5 17. Bf5 Qd5 18. Qe2 O-O 19. Rfd1 Qc4 20. Bxg6 hxg6 21.
Rac1 Qxe2 22. Nxe2 Rfd8 23. Bd4 Nc6 24. Bb6 Rxd1+ 25. Rxd1 Bf6 26. b3 Nb4 27. a3
Nc2 28. Rd7 Nxa3 29. Rxb7 Rc8 30. g3 Nb5 31. Be3 g5 32. Rb6 Rc2 33. Kf1 Ra2 34.
h3 Kh7 35. Nc1 Ra1 36. Kg2 Nc3 37. Nd3 Nd5 38. Rb7 Kg6 39. Bc5 a5 40. Rd7 Nc3
41. Bd4 Rb1 42. Bxf6 gxf6 43. Ra7 Ra1 44. Nc5 Ra2 45. Rd7 f5 46. Rd6+ f6 47. Kf3
Rc2 48. Rd7 Nb1 49. Ne6 Rc8 50. Rg7+ Kh6 51. Rf7 Kg6 52. Rg7+ Kh6 1/2-1/2

[Event "7th Paleochora Open 2014"]
[Site "Paleochora GRE"]
[Date "2014.07.25"]
[Round "6.16"]
[White "Naoum, Spyridon"]
[Black "Skembris, Spyridon"]
[Result "1/2-1/2"]
[BlackTitle "GM"]
[WhiteElo "2162"]
[BlackElo "2473"]
[WhiteFideId "4227506"]
[BlackFideId "4200020"]
[EventDate "2014.07.21"]

1. d4 g6 2. c4 Bg7 3. Nf3 c5 4. g3 cxd4 5. Nxd4 d5 6. Bg2 Qb6 7. e3 dxc4 8. O-O
e5 9. Nf3 Nc6 10. Na3 Qc5 11. Qa4 Ne7 12. Qxc4 Qxc4 13. Nxc4 O-O 14. e4 Rd8 15.
Be3 Be6 16. Rac1 Nd4 17. Nxd4 exd4 18. Bg5 Rd7 19. e5 Bxc4 20. Rxc4 Bxe5 21. Re1
f6 22. Bd2 Rad8 23. Bh3 Nf5 24. f4 Bd6 25. Kf2 Kf7 26. Kf3 Bf8 27. Bf1 d3 28.
Bc3 Be7 29. Rd1 b5 30. Re4 b4 31. Be1 Nd4+ 32. Kg2 Nc2 33. Bf2 f5 34. Rc4 b3 35.
axb3 Nb4 36. Rd2 a5 37. Kf3 Rd5 38. Be3 R8d7 39. Bf2 h5 40. Rc3 Bf8 41. Be3 Ke6
42. Kf2 Bg7 43. Rc5 Bf6 44. Rxd5 Rxd5 45. Bg2 Rd7 46. Bc5 Bd4+ 47. Bxd4 Rxd4 48.
Bf1 Kd5 49. Rd1 Kc5 50. Rc1+ Kb5 51. Ke3 Rd8 52. Kd2 h4 53. Re1 hxg3 54. hxg3
Kc5 55. Rc1+ Kb6 56. Rc3 Rd6 57. Bxd3 Na2 58. Rc8 Nb4 59. Rc3 Na2 60. Rc2 Nb4 1/2-1/2

[Event "7th Paleochora Open 2014"]
[Site "Paleochora GRE"]
[Date "2014.07.25"]
[Round "6.18"]
[White "Hakobyan, Aram"]
[Black "Eggleston, David J"]
[Result "0-1"]
[WhiteTitle "FM"]
[BlackTitle "IM"]
[WhiteElo "2157"]
[BlackElo "2409"]
[WhiteFideId "13306677"]
[BlackFideId "412120"]
[EventDate "2014.07.21"]

1. d4 Nf6 2. c4 e6 3. Nf3 b6 4. e3 Bb7 5. Bd3 Be7 6. O-O O-O 7. b3 d5 8. cxd5
exd5 9. Ba3 c5 10. Nc3 Nbd7 11. Rc1 a6 12. dxc5 Nxc5 13. Bb1 Re8 14. Na4 Nxa4
15. Bxe7 Qxe7 16. bxa4 Rac8 17. Qd4 Rc5 18. Bd3 Qc7 19. Rb1 Ne4 20. Rb3 Re6 21.
Rb2 Rh6 22. Qe5 Qxe5 23. Nxe5 Bc8 24. Bc2 Nc3 25. Bb3 Bf5 26. Rd2 Rd6 27. h3 f6
28. Nf3 Bd7 29. Rd3 b5 30. a5 b4 31. Re1 Rxa5 32. e4 Rc5 33. exd5 Bb5 34. Re6
Bxd3 35. Rxd6 Ne2+ 36. Kh2 Nc1 37. Rd8+ Kf7 38. Ba4 Bb5 39. Bxb5 axb5 0-1

[Event "7th Paleochora Open 2014"]
[Site "Paleochora GRE"]
[Date "2014.07.25"]
[Round "6.19"]
[White "Theodoulidis, Theodoros"]
[Black "Michielsen, Joost"]
[Result "1/2-1/2"]
[BlackTitle "IM"]
[WhiteElo "2116"]
[BlackElo "2397"]
[WhiteFideId "4200810"]
[BlackFideId "1008790"]
[EventDate "2014.07.21"]

1. e4 c5 2. Nf3 e6 3. d4 cxd4 4. Nxd4 Nc6 5. Nb5 d6 6. Bf4 e5 7. Be3 Nf6 8. N1c3
a6 9. Na3 b5 10. Nd5 Rb8 11. Nxf6+ Qxf6 12. Be2 Qg6 13. O-O Bb7 14. Bf3 Be7 15.
c4 Ba8 16. cxb5 axb5 17. Rc1 O-O 18. Qb3 Bg5 19. Rcd1 Bxe3 20. fxe3 Rfd8 21.
Nxb5 Na7 22. a4 1/2-1/2

[Event "7th Paleochora Open 2014"]
[Site "Paleochora GRE"]
[Date "2014.07.25"]
[Round "6.20"]
[White "Milosevic, Goran"]
[Black "Tsakiris, Haralambos"]
[Result "1-0"]
[WhiteTitle "IM"]
[BlackTitle "FM"]
[WhiteElo "2364"]
[BlackElo "2099"]
[WhiteFideId "1304119"]
[BlackFideId "4223314"]
[EventDate "2014.07.21"]

1. e4 e5 2. Nf3 Nc6 3. Bc4 Nf6 4. d3 Be7 5. O-O O-O 6. Re1 d6 7. c3 Na5 8. Bb5
a6 9. Ba4 b5 10. Bc2 c5 11. Nbd2 Nc6 12. Nf1 h6 13. Ng3 Be6 14. Bb3 c4 15. Bc2
cxd3 16. Qxd3 Nd7 17. Be3 Nc5 18. Qd2 Kh7 19. h3 a5 20. Nf5 Bxf5 21. exf5 f6 22.
Qd5 Qc7 23. Rad1 Nd7 24. Qe4 Nb6 25. Qg4 d5 26. Bb3 Rad8 27. Bxh6 Bc5 28. Bc1 a4
29. Bc2 e4 30. Nh4 Ne5 31. Qh5+ Kg8 32. Ng6 Rfe8 33. Be3 Nbc4 34. Bxc5 Qxc5 35.
Rd4 Nc6 36. Rdd1 Nxb2 37. Rb1 Qxc3 38. Rec1 Nd3 39. Bxd3 Qxd3 40. Rxc6 Qxb1+ 41.
Kh2 Qb4 42. Rxf6 Qd6+ 43. Rxd6 Rxd6 44. Nf4 Re5 45. Qg4 d4 46. Nh5 Re7 47. f6
Red7 48. Qxe4 gxf6 49. Nxf6+ 1-0

[Event "7th Paleochora Open 2014"]
[Site "Paleochora GRE"]
[Date "2014.07.25"]
[Round "6.21"]
[White "Mihopoulos, Konstantinos"]
[Black "Malikentzos, Sotirios"]
[Result "1/2-1/2"]
[BlackTitle "FM"]
[WhiteElo "2034"]
[BlackElo "2352"]
[WhiteFideId "4217110"]
[BlackFideId "4215079"]
[EventDate "2014.07.21"]

1. Nf3 d5 2. g3 Nf6 3. Bg2 c6 4. O-O Bg4 5. c4 e6 6. Qa4 Nbd7 7. cxd5 exd5 8. d3
Bd6 9. e4 O-O 10. Nc3 Re8 11. exd5 Nb6 12. Qb3 Nfxd5 13. Nxd5 Be6 14. Nd4 Bxd5
15. Bxd5 cxd5 16. Be3 Be5 17. Nf3 d4 18. Bg5 Qd7 19. Rfe1 Qf5 20. Nxe5 Rxe5 21.
Rxe5 Qxe5 22. Bf4 Qf5 23. Re1 Qd7 24. Qb4 Qd5 25. Re5 Qxa2 26. Qxd4 h6 27. Bxh6
gxh6 28. Qg4+ Kf8 29. Qf4 Kg7 30. Qg4+ Kh8 31. Qf4 Kh7 32. Qf5+ Kg8 33. Qg4+ Kf8
34. Qb4+ Kg7 35. Qg4+ Kh8 36. Qf4 Kg7 1/2-1/2

[Event "7th Paleochora Open 2014"]
[Site "Paleochora GRE"]
[Date "2014.07.25"]
[Round "6.22"]
[White "Papadopoulos, Argirios"]
[Black "Kang, Chuanqi"]
[Result "1/2-1/2"]
[BlackTitle "FM"]
[WhiteElo "2019"]
[BlackElo "2327"]
[WhiteFideId "4241509"]
[BlackFideId "8601453"]
[EventDate "2014.07.21"]

1. e4 c5 2. Nf3 d6 3. d4 cxd4 4. Nxd4 Nf6 5. Nc3 a6 6. Bg5 e6 7. f4 Be7 8. Qf3
Qc7 9. O-O-O h6 10. Bxf6 Bxf6 11. g4 Nc6 12. Nce2 b5 13. Nxc6 Qxc6 14. Nd4 Qb6
15. Qd3 Bb7 16. Bg2 Rc8 17. h4 Qc5 18. Rd2 Qc4 19. Kb1 Qxd3 20. Rxd3 Rc4 21. c3
b4 22. g5 hxg5 23. hxg5 Rxh1+ 24. Bxh1 Bd8 25. b3 Rxc3 26. Rxc3 bxc3 27. Kc2 g6
28. Kxc3 e5 29. Ne2 exf4 30. Nxf4 Bxg5 31. Nd5 Kd7 32. Kd4 Bh4 33. b4 Bf2+ 34.
Kc4 Bc6 35. Bg2 Bb5+ 36. Kc3 Bg3 37. Bh3+ Kd8 38. Kb3 Be5 39. Bg2 Be2 40. a4 f5
41. exf5 gxf5 42. Kc2 f4 43. Kd2 Bc4 44. Bf3 Bb3 45. b5 axb5 46. axb5 Bxd5 47.
Bxd5 1/2-1/2

[Event "7th Paleochora Open 2014"]
[Site "Paleochora GRE"]
[Date "2014.07.25"]
[Round "6.23"]
[White "Serntedakis, Athanasios"]
[Black "Hristodoulou, Panagiotis"]
[Result "0-1"]
[WhiteElo "2018"]
[BlackElo "2242"]
[WhiteFideId "4239423"]
[BlackFideId "4214340"]
[EventDate "2014.07.21"]

1. e4 e6 2. d4 d5 3. Nc3 Nc6 4. e5 f6 5. exf6 Nxf6 6. Nf3 Bd6 7. Bg5 O-O 8. Be2
a6 9. Bh4 Qe8 10. O-O Ne7 11. Bg3 Nf5 12. Bxd6 cxd6 13. Bd3 Qh5 14. Ne2 Bd7 15.
Re1 Rae8 16. Qc1 h6 17. Nf4 Qf7 18. Bxf5 exf5 19. h4 Re4 20. c3 Rfe8 21. g3 Nh5
22. Rxe4 fxe4 23. Ne1 e3 24. fxe3 Nxg3 25. Neg2 g5 26. Kh2 gxf4 27. Nxf4 Nf5 28.
Qc2 Nxe3 29. Rg1+ Ng4+ 0-1

[Event "7th Paleochora Open 2014"]
[Site "Paleochora GRE"]
[Date "2014.07.25"]
[Round "6.24"]
[White "Stefanov, Evtim"]
[Black "Tchantcev, Chaliko"]
[Result "0-1"]
[WhiteElo "2007"]
[BlackElo "2216"]
[WhiteFideId "2907070"]
[BlackFideId "4136551"]
[EventDate "2014.07.21"]

1. e4 d6 2. d4 g6 3. Nc3 Bg7 4. Be3 c6 5. Bd3 Nd7 6. f4 Qb6 7. Na4 Qa5+ 8. c3 b5
9. e5 bxa4 10. Nf3 Nh6 11. O-O O-O 12. h3 Ba6 13. c4 f5 14. Ng5 Rfb8 15. Rf2 c5
16. e6 Nf8 17. Bf1 Bxd4 18. Bxd4 cxd4 19. Qxd4 Qc5 20. Qc3 Rb4 21. b3 Rab8 22.
Rb1 axb3 23. axb3 Bc8 24. Qe1 Rxb3 0-1

[Event "7th Paleochora Open 2014"]
[Site "Paleochora GRE"]
[Date "2014.07.25"]
[Round "6.25"]
[White "Rombaldoni, Denis"]
[Black "Kalogeris, Ioannis"]
[Result "1/2-1/2"]
[WhiteTitle "IM"]
[WhiteElo "2484"]
[BlackElo "2082"]
[WhiteFideId "813575"]
[BlackFideId "4239563"]
[EventDate "2014.07.21"]

1. d4 Nf6 2. Bg5 e6 3. Nd2 Be7 4. c3 b6 5. e4 Bb7 6. Bd3 Nd5 7. Bxe7 Nxe7 8. h4
h5 9. Ngf3 d6 10. a4 a5 11. Bb5+ Nd7 12. Ng5 Ng6 13. g3 Qe7 14. Qe2 c6 15. Bd3
e5 16. O-O f6 17. Nh3 Bc8 18. Kh2 Kd8 19. Nc4 Kc7 20. f4 exf4 21. Nxf4 Nxf4 22.
Rxf4 g5 23. Rf2 gxh4 24. gxh4 f5 25. Rf4 Nf6 26. exf5 Ng4+ 27. Kh3 Qxe2 28. Bxe2
Ba6 29. Bf1 Rae8 30. Rf3 Rhf8 31. b3 Rf7 32. Bd3 d5 33. Nd6 Kxd6 34. Bxa6 Re3
35. Rxe3 Nxe3 36. Re1 Nxf5 37. Rf1 Ke7 38. Be2 Ng7 39. Rg1 Ne6 40. Re1 Nf4+ 41.
Kg3 Nxe2+ 42. Rxe2+ Kd6 43. Re5 Rg7+ 44. Rg5 Re7 45. Kf2 Rf7+ 46. Ke2 Rh7 47.
Ke3 Re7+ 48. Kd3 Rh7 49. c4 Rh6 50. Kc3 Rh8 51. Rg6+ Kc7 52. Rg7+ Kd6 53. Rg6+
Kc7 54. Rg7+ Kd6 55. Rb7 Rf8 56. cxd5 Rf3+ 57. Kc2 Kxd5 58. Rxb6 Rh3 59. Ra6
Rxh4 60. Rxa5+ Kxd4 61. Kb2 c5 62. Ra8 Rh2+ 63. Ka3 Rh1 64. Kb2 Rh2+ 65. Ka3 Rh1
66. Kb2 1/2-1/2

[Event "7th Paleochora Open 2014"]
[Site "Paleochora GRE"]
[Date "2014.07.25"]
[Round "6.26"]
[White "Jens, Jelmer"]
[Black "Ballas, Athanasios-panagiotis"]
[Result "1-0"]
[WhiteTitle "IM"]
[WhiteElo "2394"]
[BlackElo "1884"]
[WhiteFideId "1007394"]
[BlackFideId "4224078"]
[EventDate "2014.07.21"]

1. e4 c5 2. Nf3 e6 3. d4 cxd4 4. Nxd4 Nf6 5. Nc3 d6 6. Be3 a6 7. f3 b5 8. Qd2
Nbd7 9. g4 h6 10. O-O-O b4 11. Nce2 Qc7 12. h4 d5 13. Bf4 e5 14. Bh2 dxe4 15. g5
hxg5 16. hxg5 Rxh2 17. Rxh2 exd4 18. Rh4 Ng4 19. Rxg4 Nc5 20. Rxe4+ Nxe4 21.
fxe4 Bb7 22. Bh3 Rd8 23. g6 d3 24. Nf4 Bd6 25. Nxd3 f6 26. Bf5 Qc4 27. Kb1 Be5
28. Rh1 Rd4 29. Nxe5 fxe5 30. Qg5 Qg8 31. Qg3 1-0

[Event "7th Paleochora Open 2014"]
[Site "Paleochora GRE"]
[Date "2014.07.25"]
[Round "6.27"]
[White "Rocchi, Federico"]
[Black "Farahat, Ali"]
[Result "0-1"]
[BlackTitle "IM"]
[WhiteElo "1908"]
[BlackElo "2374"]
[WhiteFideId "826308"]
[BlackFideId "10600507"]
[EventDate "2014.07.21"]

1. c4 c5 2. g3 Nc6 3. Bg2 g6 4. Nc3 Bg7 5. d3 d6 6. e4 e6 7. Nge2 Nge7 8. Be3
Nd4 9. Qd2 Nec6 10. Rb1 O-O 11. O-O Bd7 12. Bh6 Bxh6 13. Qxh6 a6 14. Qd2 b5 15.
b4 Rb8 16. a3 Qf6 17. f4 Nxe2+ 18. Nxe2 Nd4 19. Kh1 Nxe2 20. Qxe2 Qd4 21. Rfd1
Bc6 22. Qb2 e5 23. Qxd4 exd4 24. Rdc1 bxc4 25. dxc4 Ba4 26. bxc5 Rxb1 27. Rxb1
dxc5 28. Bf3 Bc2 29. Rb2 Bd3 30. e5 Bxc4 31. Rc2 Be6 32. Rxc5 Rb8 33. a4 Rb1+
34. Kg2 Rb2+ 35. Kg1 d3 36. Rc1 d2 37. Ra1 Rc2 38. Rd1 Bb3 39. Kf2 Ra2 40. Ke3
Bxd1 41. Bxd1 h5 42. f5 gxf5 43. Bxh5 Rxa4 44. Kxd2 Ra2+ 45. Ke3 Rxh2 46. Bf3 a5
47. Bc6 Kf8 48. Kf4 Rc2 49. Bd5 a4 0-1

[Event "7th Paleochora Open 2014"]
[Site "Paleochora GRE"]
[Date "2014.07.25"]
[Round "6.28"]
[White "Chetrari, Nikita"]
[Black "Sbarra, Marco"]
[Result "1-0"]
[BlackTitle "FM"]
[WhiteElo "1907"]
[BlackElo "2237"]
[WhiteFideId "13904647"]
[BlackFideId "804401"]
[EventDate "2014.07.21"]

1. e4 e5 2. Nf3 Nc6 3. Bb5 a6 4. Ba4 Nf6 5. O-O Be7 6. Re1 b5 7. Bb3 d6 8. c3
O-O 9. h3 Na5 10. Bc2 c5 11. d4 Nd7 12. d5 Nb6 13. Nbd2 f5 14. exf5 Bxf5 15.
Bxf5 Rxf5 16. Ne4 Qd7 17. b3 Raf8 18. Nfg5 Bxg5 19. Bxg5 Nb7 20. Qd2 a5 21. Be3
a4 22. Qd3 Rc8 23. c4 bxc4 24. bxc4 Na5 25. Nxd6 Qxd6 26. Qxf5 Re8 27. Qh5 g6
28. Qe2 Naxc4 29. Rac1 Qxd5 30. Red1 Qe4 31. Rc3 Rb8 32. f3 1-0

[Event "7th Paleochora Open 2014"]
[Site "Paleochora GRE"]
[Date "2014.07.25"]
[Round "6.29"]
[White "Mihajlov, Sebastian"]
[Black "Koutsogiannopoulou, Theodora"]
[Result "0-1"]
[WhiteTitle "CM"]
[WhiteElo "2227"]
[BlackElo "1855"]
[WhiteFideId "1512110"]
[BlackFideId "4215265"]
[EventDate "2014.07.21"]

1. d4 Nf6 2. c4 g6 3. Nc3 Bg7 4. e4 d6 5. Nf3 O-O 6. h3 e5 7. d5 a5 8. Be3 Na6
9. g4 Nd7 10. Bd3 Ndc5 11. Bc2 Bd7 12. Rg1 c6 13. Qe2 Nb4 14. Bb1 a4 15. Bxc5
dxc5 16. a3 Na6 17. Bc2 cxd5 18. Nxd5 b5 19. cxb5 Qa5+ 20. Nc3 Nc7 21. Bxa4 Rfb8
22. O-O-O Bxb5 23. Nxb5 Nxb5 24. Bxb5 Rxb5 25. Qc4 Ra7 26. Qd5 Qa4 27. Rd2 c4
28. Qd8+ Bf8 29. Rc2 Rab7 30. Qe8 Rb8 31. Qc6 Bxa3 32. Kd1 Rd8+ 33. Nd2 Bb4 34.
Kc1 Bxd2+ 0-1

[Event "7th Paleochora Open 2014"]
[Site "Paleochora GRE"]
[Date "2014.07.25"]
[Round "6.30"]
[White "Tchernyi, Viktor"]
[Black "Hatzihrisafis, Dimos"]
[Result "1-0"]
[WhiteTitle "FM"]
[WhiteElo "2207"]
[BlackElo "1830"]
[WhiteFideId "4127757"]
[BlackFideId "4237498"]
[EventDate "2014.07.21"]

1. e4 c5 2. Nf3 d6 3. d4 cxd4 4. Qxd4 Nc6 5. Bb5 Bd7 6. Bxc6 Bxc6 7. Nc3 Nf6 8.
Bg5 e6 9. O-O-O Be7 10. Rhe1 O-O 11. e5 dxe5 12. Qh4 Qc7 13. Nxe5 h6 14. Bxh6
gxh6 15. Qxh6 Ne4 16. Nxf7 Rxf7 17. Qg6+ Kf8 18. Nxe4 Qf4+ 19. Kb1 Bxe4 20. Rxe4
Qf6 21. Qh5 Rd8 22. Rde1 Rd5 23. Qh3 Rb5 24. c3 Ba3 25. Rxe6 Qf5+ 26. Qxf5 Rfxf5
27. R1e2 Rxb2+ 28. Rxb2 Bxb2 29. Kxb2 Rxf2+ 30. Kb3 Rxg2 31. Rh6 Kg7 32. Rd6 Rg1
33. Kb2 Rg2+ 34. Ka3 Rxh2 35. Rd7+ Kf6 36. Rxb7 a5 37. Rb5 Rh3 38. Kb3 a4+ 39.
Kb4 Ke6 40. Ra5 Rh4+ 41. c4 Kd6 42. Rxa4 Kc6 43. Ra6+ Kb7 44. Ra5 Rh2 45. a4
Rb2+ 46. Kc5 Rh2 47. Rb5+ Ka6 48. Rb6+ Ka5 49. Rd6 Rc2 50. Kd5 Kxa4 51. Rb6 Ka5
52. Rb3 Ka4 53. Rb6 Ka5 54. Rb5+ Ka6 55. Rb1 Rh2 56. Re1 Kb6 57. c5+ Kc7 58.
Re7+ Kc8 59. Kc6 Rh6+ 60. Kb5 Rh1 61. Kb6 Rh6+ 62. c6 Rh8 63. Ra7 Kb8 64. c7+ 1-0

[Event "7th Paleochora Open 2014"]
[Site "Paleochora GRE"]
[Date "2014.07.26"]
[Round "7.1"]
[White "Gupta, Abhijeet"]
[Black "Delchev, Aleksander"]
[Result "1/2-1/2"]
[WhiteTitle "GM"]
[BlackTitle "GM"]
[WhiteElo "2634"]
[BlackElo "2644"]
[WhiteFideId "5010608"]
[BlackFideId "2900394"]
[EventDate "2014.07.21"]

1. d4 Nf6 2. c4 e6 3. Nf3 Bb4+ 4. Bd2 Qe7 5. g3 Bxd2+ 6. Qxd2 Nc6 7. Nc3 d5 8.
Bg2 dxc4 9. O-O O-O 10. Qg5 a6 11. e3 h6 12. Qh4 e5 13. d5 Na5 14. Nd2 Rd8 15.
b3 Bf5 16. bxc4 Bd3 17. Rfc1 Qb4 18. c5 Qxh4 19. gxh4 Rab8 20. e4 Nh5 21. Nb3
Nc4 22. Bf1 Nf4 23. Nd1 Na3 24. Bxd3 Nxd3 25. Rc3 Nf4 26. Nd4 Nb5 27. Nxb5 axb5
28. Rb3 c6 29. Ne3 Ra8 30. a4 Ra5 31. Nf5 Rda8 32. dxc6 bxc6 33. Ne7+ Kh7 34.
Nxc6 Rxa4 35. Rab1 Rxe4 36. Rxb5 Ra2 37. R5b3 Rc2 38. Nd8 Ne2+ 39. Kf1 Nd4 40.
R3b2 Rxc5 41. Nxf7 Rxh4 42. Kg2 Rg4+ 43. Kh1 Nf3 44. h3 Rd4 45. Rb8 e4 46. Nd8
Rd2 47. Ne6 Rxf2 48. Nf8+ Kg8 49. Nd7+ Kh7 50. Nf8+ Kg8 51. Nd7+ 1/2-1/2

[Event "7th Paleochora Open 2014"]
[Site "Paleochora GRE"]
[Date "2014.07.26"]
[Round "7.2"]
[White "David, Alberto"]
[Black "Mirzoev, Azer"]
[Result "1/2-1/2"]
[WhiteTitle "GM"]
[BlackTitle "GM"]
[WhiteElo "2553"]
[BlackElo "2554"]
[WhiteFideId "4000013"]
[BlackFideId "13400304"]
[EventDate "2014.07.21"]

1. e4 e6 2. d4 d5 3. Nd2 dxe4 4. Nxe4 Nd7 5. Nf3 Ngf6 6. Nxf6+ Nxf6 7. Be3 Be7
8. Bb5+ Bd7 9. Bd3 Bc6 10. O-O O-O 11. Ne5 Be4 12. c4 Bxd3 13. Qxd3 c6 14. Rad1
Qa5 15. Qb3 Qb4 16. Qc2 Rad8 17. Rd3 1/2-1/2

[Event "7th Paleochora Open 2014"]
[Site "Paleochora GRE"]
[Date "2014.07.26"]
[Round "7.3"]
[White "Rombaldoni, Axel"]
[Black "Kharitonov, Alexandr"]
[Result "1/2-1/2"]
[WhiteTitle "GM"]
[BlackTitle "GM"]
[WhiteElo "2505"]
[BlackElo "2554"]
[WhiteFideId "815837"]
[BlackFideId "4135202"]
[EventDate "2014.07.21"]

1. d4 d5 2. Bg5 Nf6 3. e3 Ne4 4. Bf4 Bf5 5. f3 Nf6 6. g4 Bg6 7. h4 h6 8. Bd3
Bxd3 9. Qxd3 c6 10. Nc3 e6 11. Nge2 Bd6 12. O-O-O Na6 13. g5 Nh5 14. Bxd6 Qxd6
15. f4 O-O-O 16. Nb1 c5 17. Nd2 Nb4 18. Qa3 cxd4 19. Nxd4 Nc6 20. Qxd6 Rxd6 21.
Nxc6 Rxc6 22. Rh3 g6 23. Nf3 Rc7 24. Nd4 a6 25. Kd2 Ng7 26. Rdh1 Kd7 1/2-1/2

[Event "7th Paleochora Open 2014"]
[Site "Paleochora GRE"]
[Date "2014.07.26"]
[Round "7.4"]
[White "Stopa, Jacek"]
[Black "Rychagov, Andrey"]
[Result "0-1"]
[WhiteTitle "IM"]
[BlackTitle "GM"]
[WhiteElo "2482"]
[BlackElo "2543"]
[WhiteFideId "1119591"]
[BlackFideId "4119932"]
[EventDate "2014.07.21"]

1. Nf3 d5 2. c4 e6 3. g3 Nf6 4. Bg2 Be7 5. O-O O-O 6. b3 b6 7. Bb2 Bb7 8. e3 c5
9. Nc3 Nbd7 10. Qe2 Rc8 11. Rac1 Qc7 12. Nh4 Rfe8 13. f4 Ne4 14. cxd5 Nxc3 15.
Bxc3 Bxd5 16. e4 Bxh4 17. gxh4 Bc6 18. Rf3 e5 19. Rg3 f6 20. Qg4 Re7 21. fxe5
Nxe5 22. Bxe5 fxe5 23. Rf1 Rd8 24. Qg5 Bb5 25. Rf2 Qd6 26. Bh3 h6 27. Qh5 Be8
28. Qf3 Bd7 29. Bf1 Be6 30. Qh5 Rf8 31. Rd3 Qc7 32. Rxf8+ Kxf8 33. Qg6 Kg8 34.
Rg3 Kh8 35. Bc4 Bxc4 36. bxc4 Rf7 37. Rd3 Qe7 38. Qd6 Qxh4 39. Qd8+ Qxd8 40.
Rxd8+ Kh7 41. Rd5 Rf3 42. d3 g5 43. Rxe5 Rxd3 44. Re7+ Kg6 45. Rxa7 Kf6 46. Rh7
Rh3 47. Kg2 Rh4 48. Rb7 Ke5 49. Rxb6 Rxe4 50. Rxh6 Rxc4 51. Kg3 Ra4 52. Rg6 Kf5
53. Rc6 Ra3+ 54. Kg2 Rxa2+ 55. Kg3 Ra3+ 56. Kg2 Ra5 57. Kf3 Ra3+ 58. Kg2 Rc3 59.
Rc8 Kf4 60. h3 Rc2+ 61. Kf1 c4 62. Rf8+ Ke3 63. Re8+ Kd3 64. Rd8+ Kc3 0-1

[Event "7th Paleochora Open 2014"]
[Site "Paleochora GRE"]
[Date "2014.07.26"]
[Round "7.5"]
[White "Prasanna, Raghuram Rao"]
[Black "Pap, Misa"]
[Result "1-0"]
[WhiteTitle "IM"]
[BlackTitle "GM"]
[WhiteElo "2455"]
[BlackElo "2514"]
[WhiteFideId "5022401"]
[BlackFideId "921610"]
[EventDate "2014.07.21"]

1. d4 f5 2. Nf3 Nf6 3. c4 g6 4. g3 Bg7 5. Bg2 d6 6. Nc3 O-O 7. O-O c6 8. Qb3 Kh8
9. Rd1 Na6 10. Qa3 Nc7 11. b4 Be6 12. c5 Nfd5 13. Nxd5 Bxd5 14. Bg5 Ne6 15. Qe3
a5 16. cxd6 Qxd6 17. bxa5 Rxa5 18. Bh6 Rxa2 19. Rxa2 Bxa2 20. Ne5 Bd5 21. Bxg7+
Kxg7 22. Qc3 Nc7 23. Bxd5 Nxd5 24. Qb3 Rb8 25. Rc1 e6 26. e3 Ne7 27. Qb6 Nc8 28.
Qa5 Ne7 29. Qa7 Nc8 30. Rxc6 Nxa7 31. Rxd6 Nc6 32. Nxc6 bxc6 33. Rxe6 Rc8 34.
Re7+ Kh6 35. Re5 Rd8 36. Kg2 Kg5 37. Re6 Rc8 38. h4+ Kh6 39. Re5 Ra8 40. Kf3 Kg7
41. Re7+ Kh6 42. Rc7 Ra6 43. Kf4 Rb6 44. f3 Ra6 45. g4 fxg4 46. fxg4 g5+ 47.
hxg5+ Kg6 48. Rd7 Rb6 49. Rd6+ Kf7 50. Kf3 Rb5 51. Rxc6 Rxg5 52. Kf4 Ra5 53. e4
Ra4 54. d5 Rb4 55. Kf5 Rb1 56. Rc7+ Kg8 57. e5 Rf1+ 58. Ke6 Rg1 59. d6 Rxg4 60.
d7 Rg6+ 61. Kf5 1-0